Elementos de derecho público constitucional

Gespeichert in:
Bibliographische Detailangaben
1. Verfasser: Lastarria, José Victorino (VerfasserIn)
Format: Buch
Sprache:Spanisch
Veröffentlicht: Santiago Chilena 1848
Ausgabe:2a. ed
Schlagworte:
Tags: Tag hinzufügen
Keine Tags, Fügen Sie den ersten Tag hinzu!

MARC

LEADER 00000nam a2200000 a 4500
001 UCR4361
003 CL-VaPUC
008 980307e18480000CL |||||||||||||||||spa|d
082 0 4 |a 342  |b LAS  |2 21 
100 |a Lastarria, José Victorino  |e author  |9 312043 
245 1 0 |a Elementos de derecho público constitucional 
250 |a 2a. ed 
300 |a 223 p 
942 |c BK 
945 |d 19980307 00:00:00  |a aolguin 
260 |a Santiago  |b Chilena  |c 1848 
650 0 |a Derecho constitucional   |9 222588 
650 0 |a Estado  |9 255503 
650 0 |a Sociedad  |9 307903 
650 0 |a Poder político  |9 255509 
650 0 |a Soberanía  |9 266726 
650 0 |a Poder legislativo  |9 258808 
650 0 |a Poder ejecutivo  |9 255177 
650 0 |a Poder judicial  |9 254871 
650 7 |a PODER ELECTORAL  |2 CL-VaPUC  |9 404335 
650 0 |a Municipalidades   |9 255557 
650 0 |a Derecho público   |9 255910 
583 |a last modification  |c 20180320 05:36:10  |k Rodrigo Vera 
999 |c 267304  |d 267302 
952 |0 0  |1 0  |2 ddc  |4 0  |5 1  |6 342_000000000000000_LAS_1848  |7 1  |8 C_LRYV  |9 299577  |a FDOBRV  |b BIBDER  |d 2019-11-20  |i 1953036  |o 342 LAS 1848  |p 1953036  |r 2023-01-25  |w 2019-11-20  |y BK_X  |k BRV